| 000 | 00592nam a2200169 4500 | ||
|---|---|---|---|
| 001 | 140465 | ||
| 003 | ES-MaACL | ||
| 005 | 20230906200101.0 | ||
| 007 | t| | ||
| 008 | 070214s1943 sp r ||||1| spa d | ||
| 100 | 1 |
_aSchwidelsky, K. _9104912 |
|
| 245 | 1 | 0 |
_aFotogrametría terrestre y aérea / _cK. Schwidelsky ; versión de la tercera edición alemana, con un apéndice y notas de José Cubillo Fluiters. |
| 260 |
_aBarcelona : _bLabor, _c1943. |
||
| 300 |
_aVIII, 254 p., 3 lám. : _bil. ; _c23 cm. |
||
| 700 | 1 |
_aCubillo Fluiters, José. _941946 |
|
| 852 |
_aES-MaACL _jB-10298 _bR.21970 |
||
| 999 |
_c140465 _d140465 |
||